000 00975nam a2200265Ia 4500
003 OSt
005 20220923213158.0
006 a|||||r|||| 00| 0
007 ta
008 220922b |||||||| |||| 00| 0 hin d
024 _a159,584
037 _cTextual
040 _aARTS
_cARTS
_bhin
041 _2hin
_ahin
082 _aO152,1:g(P:75), J7
100 _aशुक्ल, पूत्तूलाल
245 0 _aआघुनिक हिन्दी काव्य में छन्द योजना
246 _aĀghunik hindī kāvya mean chhanda yojanā
260 _aष्लखनऊ
_c1958
300 _a530पृ.
_ccm.
490 _aसेठ भोलाराम सेक्सरिया स्मारक ग्रंथमाला; 8
650 _aहिन्दी साहित्य
_9156264
942 _hO152,1:g(P:75), J7
_cTEXL
_2CC
999 _c314331
_d314331